000 00709nam a2200289Ia 4500
005 20260324120827.0
008 008 260324s9999 xx 000 0 eng d
020 _a9781315752334
037 _aEBOOK
040 _aCRL
040 _beng
040 _cCRL
041 _2eng
041 _aeng
084 _qCRL
100 _aMiguel Á. Bernal-Merino
_91160125
245 0 _aTranslation and Localisation in Video Games
245 0 _bMaking Entertainment Software Global
260 _bTaylor and Francis
260 _c2014
365 _a
365 _b280
856 _uhttp://www.taylorfrancis.com/books/9781315752334
942 _cEBOOK
999 _c1751849
_d1751849